000 01016nam0a22002291 4500
001 rc\1094831
005 20260407141527.0
035 _a(NLR Aleph) 006341120
090 _a4701574
_c4701574
100 _a20041126d1983 |||y0rusy50 ca
101 0 _arus
102 _aRU
105 _aa |||||||||
200 1 _aРекомендации по технологии трансформации мелкозалежных торфяников методом мелиоративной вспашки специальными плугами
_fМ-во мелиорации и вод. хоз-ва СССР, Белорус. НИИ мелиорации и вод. хоз-ва
210 _aМинск
_cБелНИИМиВХ
_d1983
215 _a47 с.
_cил.
_d20
712 0 2 _aБелорусский НИИ мелиорации и водного хозяйства
_cМинск
_3RU\NLR\AUTH\8810009523
_9516786
801 0 _aRU
_bNLR
_gpsbo
801 1 _aRU
_bELAR
_2rusmarc
852 _aNLR
_j84-4/15987
942 _cBOOK
980 _aNB